La parole des choses : ou le langage de la chimie
Saved in:
| Main Author: | |
|---|---|
| Format: | Book |
| Language: | French |
| Published: |
Paris :
Hermann,
1993
|
| Series: | Collection Savoir (Tunis, Tunisia)
|
| Subjects: | |
| Tags: |
Add Tag
No Tags, Be the first to tag this record!
|
MARC
| LEADER | 00000nam a2200000 i 4500 | ||
|---|---|---|---|
| 001 | 1/71866 | ||
| 008 | 990311s1993 fre d | ||
| 020 | |z 2-7056-6139-7 | ||
| 035 | |l 10048432 | ||
| 040 | |a GR-MY-UA |b gre |e aacr | ||
| 041 | 0 | |a fre | |
| 082 | 0 | |a 540 | |
| 100 | 1 | |a Laszlo, Pierre. | |
| 245 | 1 | 3 | |a La parole des choses : |b ou le langage de la chimie / |c Pierre Laszlo |
| 260 | |a Paris : |b Hermann, |c 1993 | ||
| 300 | |a 308 σ.; |c 21 εκ. | ||
| 490 | 1 | |a Collection Savoir (Tunis, Tunisia) | |
| 650 | 0 | 0 | |a Chemistry. |
| 830 | 0 | |a Collection Savoir (Tunis, Tunisia) | |
| 852 | |a INST |b RHODES |e 19990311 |h 540 LAS |p 005400007712 |q 005400007712 |t BK |y 0 | ||
| 901 | |a BIBL-1999-1 | ||
| 909 | |a Ρ |b 038039 |c 1994 | ||
| 922 | |a 4ΕΛΗ |b 199411 |c ΧΑΤΖΗΝΙΚΗΤΑ | ||